| 000 | 00000nam##2200000za#4500 |
| 001 | 9.573760 |
| 003 | CaOODSP |
| 005 | 20210624183844 |
| 007 | cr ||||||||||| |
| 008 | 150406|1991||||xxc|||||o f|0| 0 eng|d |
| 022 | |a1488-5379 |
| 040 | |aCaOODSP|beng |
| 043 | |an-cn--- |
| 086 | 1 |aFs97-6/1789E-PDF |
| 110 | 1 |aCanada. |bDepartment of Fisheries and Oceans. |
| 245 | 10|aProceedings of the Atlantic Canada workshop on methods for the production of non-maturing salmonids, February 19-21, 1991, Dartmouth, Nova Scotia / |h[electronic resource]|cedited by V.A. Pepper. |
| 260 | |aSt. John's - Newfoundland and Labrador : |bFisheries and Oceans Canada |cMarch 1991. |
| 300 | |a160p.|bfigs., graphs, references, tables |
| 490 | 1 |aCanadian technical report of fisheries and aquatic sciences|x1488-5379|vNo. 1789 |
| 500 | |aThe catalogue number (Fs97-6/1789E) and ISSN (0706-6457) for the print edition have been incorrectly copied in this electronic publication. |
| 546 | |a(Résumé en français) |
| 590 | |a12-22-Supp|b2012-05-24 |
| 720 | 1 |aPepper, V. A. |
| 776 | 0#|tProceedings of the Atlantic Canada workshop on methods for the production of non-maturing salmonids, February 19-21, 1991, Dartmouth, Nova Scotia / |w(CaOODSP)9.609309 |
| 830 | #0|aCanadian technical report of fisheries and aquatic sciences,|x1488-5379|vNo. 1789|w(CaOODSP)9.504449 |
| 856 | 40|ahttp://publications.gc.ca|qPDF|s10.72 MB|uhttps://publications.gc.ca/collections/collection_2012/mpo-dfo/Fs97-6-1789-eng.pdf|yNo. 1789 |